Top 10 Countries With The Most Protestants - Statistics

General Stats
  • This quiz has been taken 152 times
  • The average score is 8 of 10
Answer Stats
Hint Answer % Correct
160 Million United States
99%
34 Million United Kingdom
95%
29 Million Germany
92%
60 Million Nigeria
78%
41 Million Brazil
74%
37 Million South Africa
74%
19 Million India
70%
58 Million China
69%
32 Million DR Congo
59%
24 Million Kenya
53%
No matching quizzes found
Score Distribution
Percent of People with Each Score
Percentile by Number Answered
Your Score History
You have not taken this quiz